000 00353nam a2200145Ia 4500
008 210210b1966 xxu||||| |||| 00| 0 eng d
082 _a546.7 HABN
100 _aOLIVER (H P H).
245 _aNitrogen problem.
260 _aLondon
_bNuffield Foundatiion
_c1966
300 _a8
650 _aNitrogen
690 _aInorganic Chemistry
906 _a029572
999 _c80786
_d80786